000 00696nam a2200277Ia 4500
005 20260324111635.0
008 008 260324s9999 xx 000 0 eng d
020 _a9781003407393
037 _aEBOOK
040 _aCRL
040 _beng
040 _cCRL
041 _2eng
041 _aeng
084 _qCRL
100 _aCatherine N. Mulligan; Masaharu Fukue; Raymond N. Yong
_91139406
245 0 _aSustainable Practices in Geoenvironmental Engineering
260 _bTaylor and Francis
260 _c2025
365 _a
365 _b320
856 _uhttp://www.taylorfrancis.com/books/9781003407393
942 _cEBOOK
999 _c1728294
_d1728294